[Event "Amager-ch"]
[Site "Amager"]
[Date "2011.10.25"]
[Round "7"]
[White "Nielsen, Mogens Bach"]
[Black "Mollmann, Erik"]
[Result "1-0"]
[WhiteElo "1804"]
[BlackElo "1601"]
[PlyCount "67"]
[EventDate "2011.08.30"]
[EventType "swiss"]
[EventRounds "7"]
[EventCountry "DEN"]
[SourceTitle "EXT 2023"]
[Source "ChessBase"]
[SourceDate "2022.10.05"]
[SourceVersion "1"]
[SourceVersionDate "2022.10.05"]
[SourceQuality "1"]

1. c4 e5 2. Nc3 Nf6 3. a3 Bc5 4. e3 a5 5. d4 exd4 6. exd4 Qe7+ 7. Be2 Ba7 8. Nb5 d6 9. Nxa7 Rxa7 10. Be3 0-0 11. h3 b6 12. Nf3 Bb7 13. 0-0 Nbd7 14. Re1 Be4 15. Rc1 c5 16. Bd3 Qd8 17. Bf4 d5 18. cxd5 Bxd3 19. Qxd3 Nxd5 20. Bd6 Re8 21. Rxe8+ Qxe8 22. dxc5 N7f6 23. cxb6 Nxb6 24. Qc3 h6 25. Qc6 Qd8 26. Bc7 Rxc7 27. Qxc7 Qxc7 28. Rxc7 a4 29. Ne5 Nfd5 30. Rxf7 Nc4 31. Rd7 Ndb6 32. Rd8+ Kh7 33. Nxc4 Nxc4 34. Rb8 1-0

[Event "Borup op 5th"]
[Site "Borup"]
[Date "2010.09.04"]
[Round "3"]
[White "Baekgaard, Martin"]
[Black "Mollmann, Erik"]
[Result "1-0"]
[WhiteElo "2276"]
[BlackElo "1694"]
[PlyCount "100"]
[EventDate "2010.09.03"]
[EventType "swiss"]
[EventRounds "9"]
[EventCountry "DEN"]
[SourceTitle "CBM 138 Extra"]
[Source "ChessBase"]
[SourceDate "2010.10.29"]
[SourceVersion "1"]
[SourceVersionDate "2010.10.29"]
[SourceQuality "1"]

1. d4 d5 2. c4 Nc6 3. Nc3 e6 4. Nf3 Bb4 5. Bg5 f6 6. Bf4 Nge7 7. e3 0-0 8. Qc2 Ng6 9. Bg3 Nce7 10. Bd3 c6 11. 0-0 Bd6 12. Rfd1 Bxg3 13. hxg3 Qc7 14. Rac1 Bd7 15. Qb3 Qb6 16. Qa3 Qd8 17. b4 a6 18. Qb3 b5 19. cxb5 axb5 20. a4 Rb8 21. a5 Re8 22. e4 Nf8 23. Ra1 Nc8 24. Re1 Na7 25. Nb1 Re7 26. Nbd2 Be8 27. Qc3 Rbb7 28. Nb3 Nd7 29. g4 Nc8 30. e5 fxe5 31. dxe5 Rc7 32. Nfd4 Na7 33. Rac1 Nb8 34. Nc5 Bf7 35. Qc2 g6 36. Re3 Qc8 37. Be2 Na6 38. Nxa6 Qxa6 39. Rc3 Be8 40. Rc5 Qb7 41. Qc3 Qc8 42. Bxb5 Nxb5 43. Nxb5 d4 44. Nxd4 Qd8 45. b5 Rcd7 46. Nxc6 Rd1+ 47. Kh2 Rxc1 48. Nxe7+ Qxe7 49. Qxc1 Qh4+ 50. Kg1 Qxg4 1-0

[Event "Amager-ch"]
[Site "Amager"]
[Date "2010.08.24"]
[Round "1"]
[White "Moller, Arne Vagn"]
[Black "Mollmann, Erik"]
[Result "1-0"]
[WhiteElo "1826"]
[BlackElo "1528"]
[PlyCount "71"]
[EventDate "2010.08.24"]
[EventType "swiss"]
[EventRounds "7"]
[EventCountry "DEN"]
[SourceTitle "EXT 2023"]
[Source "ChessBase"]
[SourceDate "2022.10.05"]
[SourceVersion "1"]
[SourceVersionDate "2022.10.05"]
[SourceQuality "1"]

1. e4 Nc6 2. d4 d5 3. e5 f6 4. f4 Nh6 5. Be2 Bf5 6. a3 e6 7. Nf3 Be7 8. 0-0 Be4 9. Be3 f5 10. Ng5 Bxg5 11. fxg5 Nf7 12. Qd2 Ne7 13. Nc3 c6 14. Nxe4 dxe4 15. c4 h5 16. h4 g6 17. Rf2 Qc7 18. b4 Rd8 19. Qb2 0-0 20. Rc1 Rd7 21. Bf4 Qd8 22. Rd1 b6 23. Rff1 Qa8 24. Rd2 Rb8 25. Rfd1 Rbd8 26. Qb3 c5 27. d5 Rxd5 28. cxd5 Nxd5 29. Qg3 cxb4 30. axb4 Rc8 31. Rxd5 exd5 32. e6 Nd8 33. e7 Nf7 34. Bb5 Rc6 35. Bxc6 Qxc6 36. Rc1 1-0

[Event "Politiken Cup 32nd"]
[Site "Copenhagen"]
[Date "2010.08.07"]
[Round "9"]
[White "Mollmann, Erik"]
[Black "Taylor, Graham C"]
[Result "1/2-1/2"]
[WhiteElo "1698"]
[BlackElo "2160"]
[PlyCount "24"]
[EventDate "2010.07.31"]
[EventType "swiss"]
[EventRounds "10"]
[EventCountry "DEN"]
[SourceTitle "CBM 137 Extra"]
[Source "ChessBase"]
[SourceDate "2010.09.01"]
[SourceVersion "1"]
[SourceVersionDate "2010.09.01"]
[SourceQuality "1"]

1. d4 Nf6 2. Nf3 g6 3. c4 Bg7 4. Nc3 d6 5. h3 0-0 6. Bf4 Nbd7 7. e3 c6 8. Be2 a6 9. 0-0 b5 10. b3 Re8 11. Rc1 Bb7 12. Rc2 e5 1/2-1/2

[Event "Politiken Cup 32nd"]
[Site "Copenhagen"]
[Date "2010.08.06"]
[Round "8"]
[White "Gupta, Sudhir Kumar"]
[Black "Mollmann, Erik"]
[Result "1/2-1/2"]
[WhiteElo "1835"]
[BlackElo "1698"]
[PlyCount "54"]
[EventDate "2010.07.31"]
[EventType "swiss"]
[EventRounds "10"]
[EventCountry "DEN"]
[SourceTitle "CBM 137 Extra"]
[Source "ChessBase"]
[SourceDate "2010.09.01"]
[SourceVersion "1"]
[SourceVersionDate "2010.09.01"]
[SourceQuality "1"]

1. d4 d5 2. c4 Nc6 3. e3 e5 4. dxe5 Bb4+ 5. Bd2 dxc4 6. Bxc4 Bxd2+ 7. Qxd2 Qxd2+ 8. Nxd2 Nxe5 9. Be2 Be6 10. Ngf3 Nxf3+ 11. Nxf3 Nf6 12. 0-0 0-0 13. Nd4 Bd7 14. Rac1 c6 15. Bf3 Rfe8 16. Rfd1 Rac8 17. b4 g6 18. Nb3 Bg4 19. Bxg4 Nxg4 20. Rd7 b6 21. Rxa7 Ra8 22. Rxa8 Rxa8 23. h3 Ne5 24. Nd4 Rxa2 25. Nxc6 Nd3 26. Rf1 Rb2 27. Ne7+ Kf8 1/2-1/2

[Event "Politiken Cup 32nd"]
[Site "Copenhagen"]
[Date "2010.08.05"]
[Round "7"]
[White "Mollmann, Erik"]
[Black "Andersen, Dag"]
[Result "0-1"]
[WhiteElo "1698"]
[BlackElo "1899"]
[PlyCount "96"]
[EventDate "2010.07.31"]
[EventType "swiss"]
[EventRounds "10"]
[EventCountry "DEN"]
[SourceTitle "CBM 137 Extra"]
[Source "ChessBase"]
[SourceDate "2010.09.01"]
[SourceVersion "1"]
[SourceVersionDate "2010.09.01"]
[SourceQuality "1"]

1. d4 Nf6 2. Bf4 e6 3. e3 c5 4. c3 b6 5. Nf3 Bb7 6. Bd3 Be7 7. 0-0 0-0 8. Nbd2 d6 9. Qc2 cxd4 10. exd4 Nc6 11. Ne4 g6 12. Rfe1 Rc8 13. Rad1 Nb4 14. Qb1 Nxd3 15. Nxf6+ Bxf6 16. Qxd3 Re8 17. Bg3 Qd7 18. Nd2 b5 19. Ne4 Be7 20. h4 f5 21. Ng5 Bf6 22. f4 h6 23. Nf3 Bd5 24. Nd2 a5 25. b3 Qc6 26. c4 bxc4 27. bxc4 Bxc4 28. Nxc4 Qxc4 29. Qxc4 Rxc4 30. d5 e5 31. fxe5 dxe5 32. d6 e4 33. d7 Rd8 34. Re2 Rd4 35. Rc1 R8xd7 36. Rc6 Kf7 37. Ra6 a4 38. Rc2 Rd3 39. Kh2 Bg7 40. Rxa4 g5 41. hxg5 hxg5 42. Ra5 R3d5 43. Ra6 f4 44. Be1 g4 45. Bc3 Rh5+ 46. Kg1 g3 47. Be1 Rd1 48. Re2 Bd4+ 0-1

[Event "Valby K41 op 0910"]
[Site "Valby"]
[Date "2010.01.26"]
[Round "6"]
[White "Mollmann, Erik"]
[Black "Meldal, Peter"]
[Result "1-0"]
[WhiteElo "1517"]
[BlackElo "1380"]
[PlyCount "67"]
[EventDate "2009.11.03"]
[EventType "swiss"]
[EventRounds "9"]
[EventCountry "DEN"]
[SourceTitle "EXT 2018"]
[Source "ChessBase"]
[SourceDate "2017.10.13"]
[SourceVersion "1"]
[SourceVersionDate "2017.10.13"]
[SourceQuality "1"]

1. d4 d5 2. Bf4 c5 3. e3 Nc6 4. c3 e6 5. Nf3 Nf6 6. Nbd2 cxd4 7. exd4 Be7 8. Bd3 0-0 9. Ne5 a6 10. 0-0 Bd6 11. Re1 Nd7 12. Nxf7 Rxf7 13. Bxd6 Qf6 14. Bg3 b5 15. Nf3 Bb7 16. Bh4 Qf4 17. Qc2 Qh6 18. Bg3 Rc8 19. Qe2 Re8 20. h4 g6 21. Ng5 Rf6 22. Qg4 Nd8 23. Re3 Bc8 24. Rae1 Nb6 25. Be5 Rf5 26. Rf3 Rxf3 27. Nxf3 Nf7 28. g3 Nxe5 29. Nxe5 Qd2 30. Re2 Qc1+ 31. Kg2 Na4 32. Bxg6 Re7 33. Bf7+ Kf8 34. Qg8# 1-0

[Event "Valby K41 op 0910"]
[Site "Valby"]
[Date "2009.11.03"]
[Round "1"]
[White "Mollmann, Erik"]
[Black "Tandrup, Michael"]
[Result "0-1"]
[WhiteElo "1517"]
[BlackElo "1934"]
[PlyCount "64"]
[EventDate "2009.11.03"]
[EventType "swiss"]
[EventRounds "9"]
[EventCountry "DEN"]
[SourceTitle "EXT 2018"]
[Source "ChessBase"]
[SourceDate "2017.10.13"]
[SourceVersion "1"]
[SourceVersionDate "2017.10.13"]
[SourceQuality "1"]

1. d4 Nf6 2. Bf4 d5 3. e3 e6 4. Nd2 c5 5. c3 Nc6 6. Ngf3 Be7 7. Ne5 0-0 8. Bd3 Qb6 9. dxc5 Qxb2 10. Qc1 Qxc1+ 11. Rxc1 Nxe5 12. Bxe5 Nd7 13. Bd6 Nxc5 14. Bxh7+ Kxh7 15. Bxe7 Nd3+ 16. Ke2 Nxc1+ 17. Rxc1 Re8 18. Bh4 Bd7 19. Bg3 Rac8 20. Nf3 f6 21. Kd2 Rc5 22. Bd6 Rc6 23. Bb4 e5 24. a4 a5 25. Bxa5 Ra8 26. Bb4 Rxa4 27. Ne1 Bf5 28. f3 Ra2+ 29. Kd1 Rca6 30. g4 Bd7 31. Nd3 Rxh2 32. c4 Ba4+ 0-1

[Event "Amager-ch"]
[Site "Amager"]
[Date "2009.09.29"]
[Round "4"]
[White "Mollmann, Erik"]
[Black "Kokholm, Daniel"]
[Result "0-1"]
[WhiteElo "1459"]
[BlackElo "1899"]
[PlyCount "80"]
[EventDate "2009.09.01"]
[EventType "swiss"]
[EventRounds "7"]
[EventCountry "DEN"]
[SourceTitle "EXT 2023"]
[Source "ChessBase"]
[SourceDate "2022.10.05"]
[SourceVersion "1"]
[SourceVersionDate "2022.10.05"]
[SourceQuality "1"]

1. d4 Nc6 2. Bf4 d5 3. e3 Nf6 4. Nd2 Bf5 5. c3 e6 6. Ngf3 a6 7. Nh4 Bg4 8. Be2 Bxe2 9. Qxe2 Nd7 10. Nhf3 f5 11. Ne5 Ncxe5 12. dxe5 g6 13. Nf3 Bg7 14. Bg5 Qc8 15. Bf4 c6 16. 0-0 0-0 17. c4 Re8 18. Rac1 h6 19. h4 Kh7 20. b4 Nb6 21. c5 Nc4 22. Rxc4 dxc4 23. Qxc4 Qd7 24. Nd4 Qd5 25. Qe2 Bxe5 26. Bxe5 Qxe5 27. Rd1 Rad8 28. Nf3 Rxd1+ 29. Qxd1 Qd5 30. Qa1 e5 31. a4 Kg7 32. Qc3 Kf6 33. b5 axb5 34. axb5 cxb5 35. Qb4 Qc4 36. Qa3 Rc8 37. Qa7 Qd5 38. Qb6+ Qc6 39. Qa7 Qa6 40. Qb6+ Qxb6 0-1

[Event "Valby K41 Spring-C"]
[Site "Valby"]
[Date "2009.05.12"]
[Round "7"]
[White "Mollmann, Erik"]
[Black "Hou, Mads"]
[Result "0-1"]
[WhiteElo "1471"]
[BlackElo "1383"]
[PlyCount "70"]
[EventDate "2009.03.17"]
[EventType "swiss"]
[EventRounds "7"]
[EventCountry "DEN"]
[SourceTitle "EXT 2023"]
[Source "ChessBase"]
[SourceDate "2022.10.05"]
[SourceVersion "1"]
[SourceVersionDate "2022.10.05"]
[SourceQuality "1"]

1. d4 Nf6 2. Bf4 d5 3. e3 Bf5 4. c4 e6 5. Nc3 c6 6. Qb3 Qb6 7. c5 Qxb3 8. axb3 Nh5 9. Bxb8 Rxb8 10. Rxa7 e5 11. Be2 Nf6 12. Nf3 Nd7 13. 0-0 Be7 14. b4 Bf6 15. b5 0-0 16. bxc6 bxc6 17. Na4 Ra8 18. Ra6 Rxa6 19. Bxa6 Ra8 20. Bb7 Rxa4 21. Bxc6 Rb4 22. Bxd5 exd4 23. e4 Bg4 24. c6 Nb6 25. Ra1 h5 26. h3 Bxf3 27. gxf3 Be5 28. Ra7 Nxd5 29. exd5 Rc4 30. Re7 f6 31. f4 Kf8 32. Re6 Bxf4 33. Re4 Bd6 34. Re6 d3 35. Kf1 Rc1+ 0-1